| 000 | 00966nam0a22002531 4500 | ||
|---|---|---|---|
| 001 | rc\388782 | ||
| 005 | 20250621065706.0 | ||
| 035 | _a(NLR Aleph) 005638808 | ||
| 090 |
_a6646571 _c6646571 |
||
| 100 | _a20030616d1989 |||y0rusy50 ca | ||
| 101 | 0 | _arus | |
| 102 | _aRU | ||
| 105 | _ay ||||||||| | ||
| 200 | 1 |
_aТы и твой дом _fЭлиягу, Ки-тов _gПер. с иврита Иегуда Векслер _g[Союз религиоз. евр. интеллигенции из СССР и Вост. Европы] |
|
| 210 |
_aДаугавпилс _cЛатв. о-во дружбы с Израилем _d1989 |
||
| 215 |
_a364 с. _d16 |
||
| 300 | _aПерепечатка: На тит. л.: Иерусалим: Шамир, 1985 | ||
| 300 | _aНа обл. ошибочно: Иерусалим, 1989 | ||
| 700 | 1 |
_aКитов _bЭ. _gЭлиягу |
|
| 801 | 0 |
_aRU _bNLR _gpsbo |
|
| 801 | 1 |
_aRU _bELAR _2rusmarc |
|
| 852 |
_aNLR _j95-2/7 |
||
| 942 | _cBOOK | ||
| 980 | _aNB | ||